000 01289cam a2200349 a 4500
005 20260322212046.0
008 data
010 _a 88043422
020 _a0847810437 :
_c{dollar}35.00
020 _a9780847810437 :
_c{dollar}35.00
040 _aDLC
_cDLC
_dDLC
043 _aa-th---
050 0 0 _aNK2078.7.A1
_bW37 1989
082 0 0 _a747.29593
_219
092 _a747.29 W37 1989
245 0 0 _aThai style /
_cedited by William Warren, Luca Invernizzi & Gretchen Liu.
260 _aNew York :
_bRizzoli,
_c1989.
300 _a216 p. :
_bill. (some col.) ;
_c26 cm.
650 0 _aInterior decoration
_zThailand.
700 1 _aWarren, William,
_d1930-
700 1 _aInvernizzi, Luca.
700 1 _aLiu, Gretchen.
856 4 2 _3Contributor biographical information
_uhttp://www.loc.gov/catdir/enhancements/fy0601/88043422-b.html
856 4 2 _3Publisher description
_uhttp://www.loc.gov/catdir/enhancements/fy0601/88043422-d.html
906 _a7
_bcbc
_corignew
_d1
_eocip
_f19
_gy-gencatlg
922 _aad
985 _eGAP
991 _bc-GenColl
_hNK2078.7.A1
_iW37 1989
_oam
_tCopy 1
_wBOOKS
991 _bc-GenColl
_hNK2078.7.A1
_iW37 1989
_p00020951254
_tCopy 1
_wBOOKS
001 data
999 _c1082
_d1082